Lääketieteellisiä termejä A-Ö #2 - Statistics

Yleistilastot
  • Tätä visaa on pelattu 103 kertaa
  • Keskiarvotulos 10 / 26
Vastaustilastot
Alkukirjain Vihje Vastaus % Oikein
O munasolun irtoaminen munasarjasta ovulaatio
80%
A alhainen hemoglobiini anemia
76%
X Downin syndroomassa yksi ylimääräinen X-kromosomi
75%
I huolehtii aineenvaihdunnastasikiön ja äidin välillä istukka
73%
C liikehäiriöitä aiheuttavakehitysvamma CP-vamma
65%
H mustelma hematooma
64%
J tetanus, tarttuu epäpuhtaanhaavan kautta jäykkäkouristus
61%
Y urheilijan elimistön ylikuormitustila ylikunto
58%
N kuolio nekroosi
49%
F hedelmällinen; lisääntymiskykyinen fertiili
47%
D sekavuustila delirium
46%
M aivokalvontulehdus meningiitti
46%
E kudoksen pintakerros epiteeli
45%
U nokkosihottuma urtikaria
41%
S kolesterolin muodostusta estävä lääke statiini
35%
T tunnustelu peräsuolenkautta tuseeraus
30%
V laskimo vena
28%
K erittyy lihaksesta, munuaisarvo kreatiniini
24%
B hyvänlaatuinen benigni
23%
L anatomisesti kaukanakeskeltä oleva lateraalinen
20%
G sokerin varastomuoto glykogeeni
17%
P puhkeaminen; lävistys perforaatio
11%
Q nelipäinen reisilihas quadriceps
11%
W johtumista testaava kuulokoe Weberin koe
8%
R vihurirokko rubella
6%
Z poskiluu zygomaticum
5%
Ehtoja vastaavia visoja ei löytynyt
Tulosjakauma
Jokaisen tuloksen saaneiden osuus
Persentiili vastausten määrän mukaan
Tuloshistoriasi
Et ole pelannut tätä visaa